Dansk Melodi Grand Prix 2026 Quiz - Statistiken

Allgemein
  • Dieses Quiz wurde 6 mal gespielt
  • Das Durchschnittsergebnis liegt bei 7 aus 8
Antwortstatistiken
Frage Antwort % Korrekt
Emil Otto
100%
Søren Torpegaard Lund
100%
Sissal
100%
Late Runner
100%
Ericka Jane
100%
Myrkur
80%
Lasse Skriver
80%
Sander Sanchez
60%
Keine übereinstimmenden Quizze gefunden
Verteilung der Resultate
Anzahl Personen mit jedem Resultat
Perzentil nach korrekt beantworteten Fragen
Ihre Resultats-Entwicklung
Sie haben dieses Quiz noch nicht gespielt